000 00827nam a2200229Ia 4500
003 GCL
008 140319s9999 xx 000 0 ara d
020 _a6158314977
040 _aGCL /
_cGCL
082 0 4 _a737.4953
_bع ك
100 1 _aعاطف منصور محمد رمضان
245 1 0 _aالكتابات غير القرآنية على النقود الإسلامية فى المغرب والأندلس /
_cعاطف منصور محمد رمضان
260 _aالقاهرة :
_bمكتبة زهراء الشرق ،
_c2002
300 _a486 ص ؛
_c24 سم
650 0 4 _aالنقود
650 0 4 _aسك النقود
650 0 4 _aالنقود المعدنية
650 0 4 _aالنقود الاسلامية
650 0 4 _aالنحت الزخرفى
650 0 4 _aالعملات الاسلامية
942 _2ddc
_cBK
999 _c6355
_d6355